[Event "Windsor NAYCC U16"]
[Site "Windsor"]
[Date "2016.08.11"]
[Round "8.46"]
[White "D'Amore, Tyler"]
[Black "Zhang, Jeff"]
[Result "1/2-1/2"]
[WhiteElo "1808"]
[BlackElo "1907"]
[PlyCount "71"]
[EventDate "2016.08.07"]
[EventType "swiss"]
[EventRounds "9"]
[EventCountry "CAN"]
[SourceTitle "EXT 2022"]
[Source "ChessBase"]
[SourceDate "2021.10.06"]
[SourceVersion "1"]
[SourceVersionDate "2021.10.06"]
[SourceQuality "1"]

1. e4 c5 2. Nf3 Nc6 3. d3 g6 4. g3 Bg7 5. Bg2 e6 6. 0-0 Nge7 7. Nbd2 0-0 8. Re1 d5 9. c3 b6 10. Nf1 Bb7 11. e5 Rb8 12. h4 d4 13. c4 a6 14. N1h2 Qd7 15. Ng4 f5 16. exf6 Bxf6 17. Nxf6+ Rxf6 18. Bg5 Rf7 19. Bh3 Nf5 20. Bg2 Rbf8 21. Bf4 b5 22. b3 Ng7 23. Re2 Nh5 24. Ne5 Nxe5 25. Bxe5 Bxg2 26. Kxg2 Nf6 27. Bxf6 Rxf6 28. f4 Qc6+ 29. Kh2 Rf5 30. Qh1 Qxh1+ 31. Kxh1 Re8 32. Rae1 Kf7 33. Kg2 Kf6 34. Re5 h5 35. Kf3 Re7 36. R1e2 1/2-1/2

[Event "Canadian op"]
[Site "Windsor"]
[Date "2016.07.17"]
[Round "9"]
[White "Gaisinsky, Adam"]
[Black "D'Amore, Tyler"]
[Result "1/2-1/2"]
[WhiteElo "1686"]
[BlackElo "1840"]
[PlyCount "24"]
[EventDate "2016.07.10"]
[EventType "swiss"]
[EventRounds "9"]
[EventCountry "CAN"]
[SourceTitle "EXT 2017"]
[Source "ChessBase"]
[SourceDate "2016.10.25"]
[SourceVersion "1"]
[SourceVersionDate "2016.10.25"]
[SourceQuality "1"]

1. e4 e5 2. Nf3 Nc6 3. Bb5 Nf6 4. 0-0 Bc5 5. c3 0-0 6. d4 Bb6 7. Bg5 h6 8. Bxf6 Qxf6 9. Bxc6 Qxc6 10. Nxe5 Qxe4 11. Nd2 Qf5 12. Ndc4 d6 1/2-1/2

[Event "Toronto NAYCC U14"]
[Site "Toronto"]
[Date "2013.08.17"]
[Round "7"]
[White "D'Amore, Tyler"]
[Black "Ye, Hanyuan"]
[Result "0-1"]
[WhiteElo "1036"]
[BlackElo "1971"]
[PlyCount "140"]
[EventDate "2013.08.14"]
[EventType "swiss"]
[EventRounds "9"]
[EventCountry "CAN"]
[SourceTitle "EXT 2022"]
[Source "ChessBase"]
[SourceDate "2021.10.06"]
[SourceVersion "1"]
[SourceVersionDate "2021.10.06"]
[SourceQuality "1"]

1. e4 e6 2. d4 d5 3. Nc3 Nf6 4. e5 Nfd7 5. f4 c5 6. Nf3 Nc6 7. Be3 cxd4 8. Nxd4 Bc5 9. Qd2 Nxd4 10. Bxd4 Bxd4 11. Qxd4 Qb6 12. Qxb6 Nxb6 13. Bb5+ Bd7 14. Bxd7+ Kxd7 15. 0-0-0 Rac8 16. Nb5 Rc4 17. Nd6 Rxf4 18. Nxb7 Nc4 19. Nc5+ Kc6 20. Nd3 Rf5 21. Rhf1 Ne3 22. Rxf5 Nxf5 23. g4 Ne3 24. Rg1 Rc8 25. Rg3 d4 26. Rf3 Rc7 27. h3 Kd5 28. Rf2 a5 29. a3 g5 30. b4 a4 31. Kb1 Nc4 32. Ka2 Nxe5 33. Nxe5 Kxe5 34. Kb2 Ke4 35. Rf6 Ke5 36. Rf2 f6 37. Rf1 Rc3 38. Re1+ Kd6 39. Rh1 f5 40. gxf5 exf5 41. Rg1 h6 42. Rf1 Ke5 43. Re1+ Kd5 44. Rf1 Ke4 45. b5 Rc5 46. Re1+ Kf4 47. Rf1+ Ke5 48. Re1+ Kf6 49. Kc1 Rxb5 50. Rd1 Ke5 51. Re1+ Kd5 52. Re8 Ra5 53. Rd8+ Ke4 54. Re8+ Kf4 55. Rd8 Kg3 56. Rxd4 Kxh3 57. Rd3+ Kg4 58. c4 Rc5 59. Rc3 f4 60. Kd2 Re5 61. c5 f3 62. Rc4+ Kg3 63. Rc3 Kg2 64. c6 f2 65. c7 Re8 66. c8Q Rxc8 67. Rxc8 f1Q 68. Rc1 Qxc1+ 69. Kxc1 h5 70. Kd2 h4 0-1

[Event "Toronto NAYCC U14"]
[Site "Toronto"]
[Date "2013.08.16"]
[Round "5"]
[White "D'Amore, Tyler"]
[Black "Song, Eric"]
[Result "1-0"]
[WhiteElo "1036"]
[BlackElo "1759"]
[PlyCount "175"]
[EventDate "2013.08.14"]
[EventType "swiss"]
[EventRounds "9"]
[EventCountry "CAN"]
[SourceTitle "EXT 2022"]
[Source "ChessBase"]
[SourceDate "2021.10.06"]
[SourceVersion "1"]
[SourceVersionDate "2021.10.06"]
[SourceQuality "1"]

1. e4 e6 2. d4 d5 3. Nc3 Bb4 4. e5 c5 5. a3 cxd4 6. axb4 dxc3 7. Qg4 cxb2 8. Bxb2 Ne7 9. Qxg7 Rg8 10. Qxh7 Qc7 11. Qd3 Nbc6 12. Qc3 d4 13. Qc4 Qxe5+ 14. Ne2 Nd5 15. Bxd4 Nxd4 16. Qxd4 Qxd4 17. Nxd4 Nxb4 18. Bb5+ Bd7 19. Bxd7+ Kxd7 20. 0-0 Rgc8 21. Rfc1 e5 22. c3 exd4 23. cxb4 Rxc1+ 24. Rxc1 a5 25. bxa5 Rxa5 26. h4 Kd6 27. Kf1 b5 28. h5 b4 29. Rc4 d3 30. Ke1 Rxh5 31. Rxb4 Kc5 32. Rf4 Rd5 33. Rxf7 Kd4 34. Kd2 Ra5 35. Rd7+ Ke4 36. f3+ Kf4 37. Rf7+ Kg3 38. Rg7+ Kf4 39. Kxd3 Re5 40. Rg4+ Kf5 41. Re4 Ra5 42. g4+ Kg5 43. Rd4 Ra1 44. Rd5+ Kf6 45. Rf5+ Kg6 46. Ke4 Ra4+ 47. Ke3 Ra3+ 48. Kf2 Ra2+ 49. Kg3 Ra3 50. Re5 Kf6 51. Kf4 Ra4+ 52. Re4 Ra3 53. g5+ Kf7 54. Kg4 Kg6 55. Re6+ Kf7 56. Rf6+ Kg7 57. f4 Ra4 58. Kh5 Ra5 59. f5 Rb5 60. Rg6+ Kh7 61. Rh6+ Kg7 62. f6+ Kf7 63. Rh7+ Kg8 64. Kh6 Rb6 65. Rg7+ Kh8 66. Rf7 Kg8 67. Kg6 Ra6 68. Rd7 Ra8 69. f7+ Kf8 70. Rd6 Rc8 71. Rf6 Rc5 72. Re6 Rc8 73. Re8+ Rxe8 74. fxe8Q+ Kxe8 75. Kh7 Kf7 76. g6+ Kf6 77. g7 Ke5 78. g8Q Kf6 79. Qe8 Kg5 80. Qf7 Kg4 81. Qf6 Kh3 82. Qg5 Kh2 83. Qg4 Kh1 84. Kg6 Kh2 85. Kf5 Kh1 86. Kf4 Kh2 87. Kf3 Kh1 88. Qg2# 1-0

[Event "Toronto NAYCC U14"]
[Site "Toronto"]
[Date "2013.08.14"]
[Round "1"]
[White "Sirkovich, Daniel"]
[Black "D'Amore, Tyler"]
[Result "1-0"]
[WhiteElo "1768"]
[BlackElo "1036"]
[PlyCount "39"]
[EventDate "2013.08.14"]
[EventType "swiss"]
[EventRounds "9"]
[EventCountry "CAN"]
[SourceTitle "EXT 2022"]
[Source "ChessBase"]
[SourceDate "2021.10.06"]
[SourceVersion "1"]
[SourceVersionDate "2021.10.06"]
[SourceQuality "1"]

1. e4 c5 2. Nf3 d6 3. d4 cxd4 4. Nxd4 Nf6 5. Nc3 g6 6. Be2 Bg7 7. Be3 0-0 8. f3 Nc6 9. g4 Ne5 10. h4 Qc7 11. h5 a6 12. Qd2 b5 13. Bh6 e6 14. Bxg7 Kxg7 15. hxg6 Nxg6 16. Qh6+ Kg8 17. g5 d5 18. gxf6 Qg3+ 19. Kd1 Nh4 20. Qxh4 1-0

[Event "CAN-ch U14"]
[Site "Ottawa"]
[Date "2013.07.12"]
[Round "6"]
[White "D'Amore, Tyler"]
[Black "Zhang, Jeff"]
[Result "0-1"]
[WhiteElo "965"]
[BlackElo "1500"]
[PlyCount "62"]
[EventDate "2013.07.10"]
[EventType "swiss"]
[EventRounds "6"]
[EventCountry "CAN"]
[SourceTitle "EXT 2022"]
[Source "ChessBase"]
[SourceDate "2021.10.06"]
[SourceVersion "1"]
[SourceVersionDate "2021.10.06"]
[SourceQuality "1"]

1. e4 c5 2. Nc3 Nc6 3. f4 g6 4. Nf3 Bg7 5. Bb5 e6 6. d3 Nge7 7. Be3 Nd4 8. Bxd4 cxd4 9. Ne2 Nc6 10. 0-0 0-0 11. Qe1 a6 12. Ba4 b5 13. Bb3 Bb7 14. Rb1 d6 15. Qg3 Qb6 16. h3 Na5 17. Qf2 Nxb3 18. axb3 Qc5 19. Rfc1 Bh6 20. Qh4 Bg7 21. Kh1 e5 22. f5 gxf5 23. exf5 Bxf3 24. gxf3 Qc6 25. Qg3 Kh8 26. Qf2 Rg8 27. Ng3 Bh6 28. Rg1 Be3 29. Qh2 Bxg1 30. Rxg1 Qxf3+ 31. Qg2 Rxg3 0-1

[Event "CAN-ch U14"]
[Site "Ottawa"]
[Date "2013.07.10"]
[Round "3"]
[White "D'Amore, Tyler"]
[Black "Fischer, Zachary"]
[Result "1-0"]
[WhiteElo "965"]
[BlackElo "979"]
[PlyCount "45"]
[EventDate "2013.07.10"]
[EventType "swiss"]
[EventRounds "6"]
[EventCountry "CAN"]
[SourceTitle "EXT 2022"]
[Source "ChessBase"]
[SourceDate "2021.10.06"]
[SourceVersion "1"]
[SourceVersionDate "2021.10.06"]
[SourceQuality "1"]

1. e4 e5 2. Nf3 Nc6 3. Bc4 Nf6 4. d3 Bc5 5. Nc3 Ng4 6. 0-0 d6 7. h3 Nf6 8. Bg5 0-0 9. Qd2 h6 10. Bxh6 gxh6 11. Qxh6 Qe7 12. Nd5 Nxd5 13. Bxd5 Be6 14. Ng5 Qxg5 15. Qxg5+ Kh8 16. Kh1 Bxd5 17. exd5 Nb4 18. f4 f6 19. Qh6+ Kg8 20. fxe5 dxe5 21. Rf5 Nxd5 22. Qg6+ Kh8 23. Rh5# 1-0

[Event "CAN-ch U14"]
[Site "Ottawa"]
[Date "2013.07.10"]
[Round "1"]
[White "D'Amore, Tyler"]
[Black "Lee, Nicholas"]
[Result "0-1"]
[WhiteElo "965"]
[BlackElo "1750"]
[PlyCount "58"]
[EventDate "2013.07.10"]
[EventType "swiss"]
[EventRounds "6"]
[EventCountry "CAN"]
[SourceTitle "EXT 2022"]
[Source "ChessBase"]
[SourceDate "2021.10.06"]
[SourceVersion "1"]
[SourceVersionDate "2021.10.06"]
[SourceQuality "1"]

1. d4 Nf6 2. c4 g6 3. Nc3 d5 4. cxd5 Nxd5 5. Bd2 Bg7 6. e4 Nxc3 7. Bxc3 c5 8. d5 Bxc3+ 9. bxc3 Qa5 10. Qb3 0-0 11. Nf3 e6 12. Bc4 exd5 13. Bxd5 Nd7 14. 0-0 Nf6 15. c4 Re8 16. Rfe1 Rb8 17. e5 Nxd5 18. cxd5 b5 19. Rad1 c4 20. Qc2 Bf5 21. Qb2 c3 22. Qb3 c2 23. Rc1 Rbc8 24. Nd4 Qd2 25. Qe3 Qa5 26. Qb3 Qxe1+ 27. Rxe1 c1Q 28. Qe3 Qxe3 29. Rxe3 Rc1+ 0-1